Anfibios y reptiles de Costa Rica: guía de bolsillo en inglés y español (Registro nro. 3250)
[ vista simple ]
| 000 -Cabecera | |
|---|---|
| Campo de control de longitud fija | 00920aam a2200361 4500 |
| 005 - Fecha y hora de la última transacción | |
| Campo de control | 20240807134752.0 |
| 008 - Elementos de longitud fija--Información general | |
| Campo de control de longitud fija | 150324b2013 CH ||||| |||| 00| 0 ENG d |
| 020 ## - International Standard Book Number | |
| Número Internacional Estándar del Libro (ISBN) | 9780801478703 |
| 041 ## - Idioma | |
| Código de idioma | Inglés |
| 041 ## - Idioma | |
| Código de idioma | Español |
| 082 ## - Clasificación Decimal Dewey | |
| Número de clasificación | 597.9 M971a |
| 100 ## - Entrada principal--Autor personal | |
| Nombre personal | Muñóz Chacón, Federico |
| 9 (RLIN) | 27612 |
| 100 ## - Entrada principal--Autor personal | |
| Nombre personal | Dennis Johnston, Richard |
| 9 (RLIN) | 27613 |
| 245 ## - Título propiamente dicho | |
| Título | Anfibios y reptiles de Costa Rica: guía de bolsillo en inglés y español |
| 260 ## - Pie de imprenta | |
| Lugar de publicación, distribución, etc. | Costa Rica |
| 260 ## - Pie de imprenta | |
| Nombre del editor, distribuidor, etc. | A zona Tropical Publication |
| 260 ## - Pie de imprenta | |
| Fecha de publicación, distribución, etc. | 2013 |
| 300 ## - Descripción física | |
| Extensión | 215 páginas |
| 505 ## - Nota de contenido | |
| Nota de contenido | Incluye ilustraciones y fotografías |
| 650 ## - Materia general | |
| Temática (materia general) | COSTA RICA |
| 650 ## - Materia general | |
| Temática (materia general) | ANFIBIOS |
| 650 ## - Materia general | |
| Temática (materia general) | REPTILES |
| 650 ## - Materia general | |
| Temática (materia general) | CECÍLIDOS |
| 650 ## - Materia general | |
| Temática (materia general) | SAPOS |
| 650 ## - Materia general | |
| Temática (materia general) | RANAS |
| 650 ## - Materia general | |
| Temática (materia general) | SALAMANDRAS |
| 650 ## - Materia general | |
| Temática (materia general) | TORTUGAS |
| 650 ## - Materia general | |
| Temática (materia general) | LAGARTIJAS |
| 650 ## - Materia general | |
| Temática (materia general) | SERPIENTES |
| 650 ## - Materia general | |
| Temática (materia general) | COCODRILOS |
| 942 ## - Punto de acceso adicional KOHA | |
| Tipo de ítem KOHA | Libro |
| Fuente del sistema de clasificación o colocación | Dewey Decimal Classification |
| Signatura completa | Código de barras | Programa Académico | Tipo de ítem |
|---|---|---|---|
| 597.9 M971a | 18215 | Turismo | Libro |